Online katalóg knižníc regiónu Turca

Robinson Crusoe (Record no. 21476)

MARC details
000 -LEADER
fixed length control field 01720cam a2200469 a 4500
001 - CONTROL NUMBER
control field 21476
003 - CONTROL NUMBER IDENTIFIER
control field VRT
005 - DATE AND TIME OF LATEST TRANSACTION
control field 20260302133527.0
008 - FIXED-LENGTH DATA ELEMENTS--GENERAL INFORMATION
fixed length control field 240314s2010 xo a b 000 j slo
015 ## - NATIONAL BIBLIOGRAPHY NUMBER
National bibliography number SNBA2010/07-05080
020 ## - INTERNATIONAL STANDARD BOOK NUMBER
International Standard Book Number 9788080893750
Qualifying information (viaz.)
035 ## - SYSTEM CONTROL NUMBER
System control number 0FE6F43D-7C9F-4DAE-B9E7-ACA122F4D4D4
035 ## - SYSTEM CONTROL NUMBER
System control number urn:nbn:sk:snk-amkxu9
035 ## - SYSTEM CONTROL NUMBER
System control number urn:nbn:sk:snk-am0081o0
039 #9 - LEVEL OF BIBLIOGRAPHIC CONTROL AND CODING DETAIL [OBSOLETE]
Level of rules in bibliographic description 202403141455
Level of effort used to assign nonsubject heading access points VLOAD
Level of effort used to assign subject headings 201807301505
Level of effort used to assign classification VLOAD
Level of effort used to assign subject headings 201704101020
Level of effort used to assign classification AUTHORITY
Level of effort used to assign subject headings 201606101424
Level of effort used to assign classification VLOAD
040 ## - CATALOGING SOURCE
Original cataloging agency TTKJF
Language of cataloging slo
Transcribing agency TTKJF
Modifying agency SVKBB
-- SNK
Description conventions AACR2
041 1# - LANGUAGE CODE
Language code of text/sound track or separate title slo
Language code of original cze
044 ## - COUNTRY OF PUBLISHING/PRODUCING ENTITY CODE
MARC country code xo
ISO country code SK
072 #7 - SUBJECT CATEGORY CODE
Subject category code 821-93
Subject category code subdivision Literatúra pre deti a mládež
Source konspekt
080 ## - UNIVERSAL DECIMAL CLASSIFICATION NUMBER
Universal Decimal Classification number 821-93
Edition identifier 2001
080 ## - UNIVERSAL DECIMAL CLASSIFICATION NUMBER
Universal Decimal Classification number (0:82-321.3)
Edition identifier 2001
080 ## - UNIVERSAL DECIMAL CLASSIFICATION NUMBER
Universal Decimal Classification number 821-32
Edition identifier 2001
100 1# - MAIN ENTRY--PERSONAL NAME
Personal name Eislerová, Jana,
Dates associated with a name 1942-
Relationship aut
240 10 - UNIFORM TITLE
Uniform title Robinson Crusoe
Language of a work Slovensky
245 10 - TITLE STATEMENT
Title Robinson Crusoe
Statement of responsibility, etc. prerozprávala Jana Eislerová ; ilustroval Antonín Šplíchal ; [z českého originálu preložila Zora Sadloňová]
250 ## - EDITION STATEMENT
Edition statement 1. vyd.
260 ## - PUBLICATION, DISTRIBUTION, ETC.
Place of publication, distribution, etc. Bratislava
Name of publisher, distributor, etc. Fragment
Date of publication, distribution, etc. 2010
300 ## - PHYSICAL DESCRIPTION
Extent 55 s.
Other physical details fareb. ilustr.
Dimensions 28 cm
521 ## - TARGET AUDIENCE NOTE
Target audience note Pre deti od 7 rokov
655 #7 - INDEX TERM--GENRE/FORM
Genre/form data or focus term publikácie pre deti
Source of term SNKPH
655 #7 - INDEX TERM--GENRE/FORM
Genre/form data or focus term dobrodružné príbehy
Source of term SNKPH
700 1# - ADDED ENTRY--PERSONAL NAME
Personal name Šplíchal, Antonín,
Dates associated with a name 1947-
Relationship ill
700 1# - ADDED ENTRY--PERSONAL NAME
Personal name Sadloňová, Zora,
Dates associated with a name 1954-
Relationship trl
942 ## - ADDED ENTRY ELEMENTS (KOHA)
Source of classification or shelving scheme Dewey Decimal Classification
Koha item type Krásna literatúra pre deti
Suppress in OPAC No
949 ## - LOCAL PROCESSING INFORMATION (OCLC)
6 270001000368211
a svkbbC 53648
b svkbbm 709605
949 ## - LOCAL PROCESSING INFORMATION (OCLC)
6 17A0663268
a snkSB 79679
b snk2010/12608
o 1391/10
s 6100:20140925
949 ## - LOCAL PROCESSING INFORMATION (OCLC)
6 273K0528806
a svkpoC 51197
b svkpo534628
949 ## - LOCAL PROCESSING INFORMATION (OCLC)
6 17A0663270
a snkSB 79679 D1
b snk2010/12609
o 1391/10
980 ## - EQUIVALENCE OR CROSS-REFERENCE-SERIES STATEMENT--PERSONAL NAME/TITLE [LOCAL, CANADA]
Personal name 821.162.3-32
980 ## - EQUIVALENCE OR CROSS-REFERENCE-SERIES STATEMENT--PERSONAL NAME/TITLE [LOCAL, CANADA]
Personal name 821-93
Holdings
Stav vyradenia Strata Poškodenie Spôsob nadobudnutia Domovská knižnica Aktuálna knižnica Dátum nadobudnutia Total checkouts Čiarový kód exemplára Date last seen Typ exemplára
      Dar Obecná knižnica Turčianska Štiavnička Obecná knižnica Turčianska Štiavnička 02.03.2026   4738000174 02.03.2026 Krásna literatúra pre deti
Projekt je podporený Slovenskou asociáciou knižníc
Prevádzkuje Turčianska knižnica Martin 2026